Пневматические системы автоматики: учебное пособие для бакалавриата и специалитета

Dades bibliogràfiques
Autor principal: Рачков М. Ю. Михаил Юрьевич
Sumari:В учебном пособии рассматриваются вопросы, посвященные основам теории пневматики, элементам пневматических систем, рассмотрению типов пневмораспределителей и пневматических приводов, описанию компрессоров и вакуумных устройств, а также функциональных пневматических устройств. Отдельная глава посвящена примерам применения пневматических систем в автоматике.
Idioma:rus
Publicat: Москва, Юрайт, 2019
Edició:3-е изд., перераб. и доп.
Col·lecció:Бакалавр. Академический курс
Бакалавр и специалист
Matèries:
Format: MixedMaterials Llibre
KOHA link:https://koha.lib.tpu.ru/cgi-bin/koha/opac-detail.pl?biblionumber=333257

MARC

LEADER 00000nam0a2200000 4500
001 333257
005 20231102004534.0
010 |a 9785534090390 
035 |a (RuTPU)RU\TPU\book\359252 
090 |a 333257 
100 |a 20170608d2019 m y0rusy50 ca 
101 0 |a rus 
102 |a RU 
105 |a a j 001zy 
200 1 |a Пневматические системы автоматики  |e учебное пособие для бакалавриата и специалитета  |f М. Ю. Рачков 
205 |a 3-е изд., перераб. и доп. 
210 |a Москва  |c Юрайт  |d 2019 
215 |a 264 с.  |c ил. 
225 1 |a Бакалавр. Академический курс 
225 1 |a Бакалавр и специалист 
320 |a Библиогр.: с. 244 
320 |a Предметный указатель: с. 256-264 
330 |a В учебном пособии рассматриваются вопросы, посвященные основам теории пневматики, элементам пневматических систем, рассмотрению типов пневмораспределителей и пневматических приводов, описанию компрессоров и вакуумных устройств, а также функциональных пневматических устройств. Отдельная глава посвящена примерам применения пневматических систем в автоматике. 
606 1 |a Пневматические устройства  |2 stltpush  |3 (RuTPU)RU\TPU\subj\49453  |9 68251 
610 1 |a автоматика 
610 1 |a пневматические системы 
610 1 |a элементы 
610 1 |a пневмораспределители 
610 1 |a пневматические приводы 
610 1 |a компрессоры 
610 1 |a вакуумные устройства 
610 1 |a задачи 
610 1 |a решения 
610 1 |a лабораторные работы 
610 1 |a учебные пособия 
675 |a 681.523(075.8)  |v 4 
700 1 |a Рачков  |b М. Ю.  |g Михаил Юрьевич 
801 1 |a RU  |b 63413507  |c 20170608 
801 2 |a RU  |b 63413507  |c 20190701  |g RCR 
942 |c BK 
959 |a 4/20170125  |d 1  |e 559,00  |f ЧЗТЛ:1